00000000nam 2200000zi 4500
0019.920314
003CaOODSP
00520240318101959
006m     o  d f      
007cr mn|||||||||
008230221e202303##quc     ob   f000 0 eng d
020 |a9780660477404
040 |aCaOODSP|beng|erda|cCaOODSP
043 |an-cn---
0861 |aEm12-98/2023E-PDF
24500|aGuidance on the Accessible Canada Regulations : |bprogress reports.
264 1|a[Gatineau, Quebec] : |bEmployment and Social Development Canada = Emploi et développement social Canada, |cMarch 2023.
264 4|c©2023
300 |a1 online resource (15 pages)
336 |atext|btxt|2rdacontent
337 |acomputer|bc|2rdamedia
338 |aonline resource|bcr|2rdacarrier
500 |aIssued also in French under title: Lignes directrices sur le Règlement canadien sur l'accessibilité : rapports d'étape.
504 |aIncludes bibliographical references.
650 0|aBarrier-free design|zCanada|xPlanning.
650 0|aBarrier-free design|xLaw and legislation|zCanada.
7101 |aCanada. |bEmployment and Social Development Canada, |eissuing body.
77508|tLignes directrices sur le Règlement canadien sur l'accessibilité : |w(CaOODSP)9.920316
85640|qPDF|s487 KB|uhttps://publications.gc.ca/collections/collection_2023/edsc-esdc/Em12-98-2023-eng.pdf
8564 |qHTML|sN/A|uhttps://www.canada.ca/en/employment-social-development/programs/accessible-canada-regulations-guidance/progress-reports.html